000 00429nam a2200169Ia 4500
003 LK-CoDNM
008 010623t2012 xxu||||| |||| 00| 1 sin d
040 _aLK-CoDNM
_dLK-CoDNM
_eLK-CoDNM
041 _asin
080 _a001
_bPRA
100 _aPranandu,W.O.T.
245 _aසිද්ධි අධ්‍යයනය
246 _aSiddi Addyanaya
260 _bGihan
_aDehiwala
_c2012
300 _b224, 21 cm
942 _cBK
999 _c133037
_d133037